| 000 | 00567nam 22002053 4500 | ||
|---|---|---|---|
| 001 | 200694 | ||
| 010 | _a2.7316.0447.6 | ||
| 090 | _a200694 | ||
| 100 | _a20260223d u||y0pory50 ba | ||
| 200 |
_aLe Seigneur des Illusions _fAlejandro Jodorowsky, Arno |
||
| 205 | _a1ª | ||
| 210 |
_a[S.l.] _cLes Humanoides Associes _d1988 |
||
| 215 |
_a46 p. _cil. ; encadernado _d29 cm |
||
| 225 |
_aLes Aventures d' Alef- Thau _h4 |
||
| 606 |
_91586 _aDesenho Artístico |
||
| 610 | _aBanda Desenhada | ||
| 675 |
_a74 _vFR _zfre |
||
| 801 |
_aPT _bBMMN _gRPC |
||
| 830 | _cIsabel | ||
| 990 | _cLIVROS | ||